Khảo sát rong phiêu sinh vùng Đồng Tháp Mười

Spremljeno u:
Bibliografski detalji
Glavni autor: Võ Vĩnh Phước
Format: Knjiga
Jezik:Undetermined
Izdano: Cần Thơ Viện Đại Học Cần Thơ - Đại Học Khoa Học - Ban Vạn Vật Học 1974
Teme:
Oznake: Dodaj oznaku
Bez oznaka, Budi prvi tko označuje ovaj zapis!
Thư viện lưu trữ: Trung tâm Học liệu Trường Đại học Cần Thơ
LEADER 00604nam a2200181Ia 4500
001 CTU_33695
008 210402s9999 xx 000 0 und d
082 |a 579.8 
082 |b Ph557 
100 |a Võ Vĩnh Phước 
245 0 |a Khảo sát rong phiêu sinh vùng Đồng Tháp Mười 
245 0 |c Võ Vĩnh Phước 
260 |a Cần Thơ 
260 |b Viện Đại Học Cần Thơ - Đại Học Khoa Học - Ban Vạn Vật Học 
260 |c 1974 
650 |a phytoplankton 
904 |i Minh, 991105 
980 |a Trung tâm Học liệu Trường Đại học Cần Thơ